• 首页
  • 本馆介绍
  • 公告通知
  • 最新文献
  • 馆藏检索
  • 电子资源
  • 读者导购
  • 参考咨询
  • 我的图书馆
  • 登录
  • 详细信息显示
  • 放入我的书架
  • 预约/预借图书
  • 作者相关作品
  • 分类相关作品
  • 丛书相关作品
  • 出版社相关作品

书目信息

  • 表格格式
  • 工作单格式
  • 卡片格式
题名:
马克思的青年时代
    
 
作者: 伽·谢列布里雅柯娃 著 ;刘辽逸 , 青水 , 张孟恢 译
分册:  
出版信息: 北京   中国青年出版社  1959.9
页数: 700页
开本: 20cm
丛书名:
单 册:
中图分类: A712
科图分类:
主题词: 马克思--生事迹 , 马克思--传记 , 恩格斯--传记 , 列宁--生平事迹 , 列宁--传记 , 毛泽东--生平事迹 , 毛泽--传记 , 恩格斯--生平事迹
电子资源:
ISBN:
000 00922nam0 2200313 45
001 0181023692
005 20060815092849.50
010    @dCNY2.05
091    @a10009.433
100    @a20810111d km y0chiy0120 ea
101 0  @achi
200 1  @AMA KE SI DE QING NIAN SHI DAI@F(Su)Jia·Xie Lie Bu Li Ya Ke Wa Zhu@a马克思的青年时代@f(苏)伽·谢列布里雅柯娃著@g刘辽逸,青水,张孟恢等译
210    @a北京@c中国青年出版社@d1959.9
215    @a700页@d20cm
606 0  @a马克思@x生事迹
606 0  @a马克思@x传记
606 0  @a恩格斯@x传记
606 0  @a列宁@x生平事迹
606 0  @a列宁@x传记
606 0  @a毛泽东@x生平事迹
606 0  @a毛泽@x传记
606 0  @a恩格斯@x生平事迹
690    @aA712
701  0 @a伽·谢列布里雅柯娃@4著
702  0 @a刘辽逸@ALiu Liao Yi@4译
702  0 @a青水@AQing Shui@4译
702  0 @a张孟恢@AZhang Meng Hui@4译
801    @aCN@bTSTC@c20060815
905    @dA712@e19@f3@f2@b80652-653
    
    马克思的青年时代/(苏)伽·谢列布里雅柯娃著/刘辽逸,青水,张孟恢等译.-北京:中国青年出版社,1959.9
    700页;20cm
    
    
    ISBN :CNY2.05
    
●
相关链接 在E读中查询图书 在五车中查询图书 在当当中查询图书 在豆瓣中查询图书


正题名:马克思的青年时代     索取号:A712/19         预约/预借

序号 登录号 条形码 馆藏地/架位号 状态 备注
1 0080650   001866671   密集书库/ [索取号:A712/19] 在馆    
2 0080651   001858038   密集书库/ [索取号:A712/19] 在馆    
3 0080652   000956264   第一借阅区/ [索取号:A712/19] 在馆    
4 0080653   000956308   第一借阅区/ [索取号:A712/19] 在馆    
5 0080654   000956193   第一样本阅览室/ [索取号:A712/19] 在馆    
6 0460170   204601706   密集书库/ [索取号:A712/19] 在馆    
7 0460171   204601715   密集书库/ [索取号:A712/19] 在馆    
8 0460172   204601724   密集书库/ [索取号:A712/19] 在馆    
唐山师范学院图书馆 欢迎您!
大连网信软件有限公司© 版权所有